Normal view
MARC view
Entry Personal Name
001 - CONTROL NUMBER
- control field: 39005
003 - CONTROL NUMBER IDENTIFIER
- control field: ARRUPE
005 - DATE AND TIME OF LATEST TRANSACTION
- control field: 20180129144738.0
008 - FIXED-LENGTH DATA ELEMENTS
- fixed length control field: 180129|| aca||aabn | a|a d
040 ## - CATALOGING SOURCE
- Original cataloging agency: ARRUPE
- Transcribing agency: ARRUPE
100 ## - HEADING--PERSONAL NAME
- Personal name: Murray, Margaret Alice
670 ## - SOURCE DATA FOUND
- Source citation: Work cat.: (ARRUPE)57154: Murray, Margaret Alice, The splendour that was Egypt:, 1949